The African diaspora in the Mediterranean lands of Islam (Record no. 3115)

MARC details
000 -LEADER
fixed length control field 00301nam a2200109Ia 4500
005 - DATE AND TIME OF LATEST TRANSACTION
control field 20250117103623.0
008 - FIXED-LENGTH DATA ELEMENTS--GENERAL INFORMATION
fixed length control field 250117s9999 xx 000 0 und d
082 ## - DEWEY DECIMAL CLASSIFICATION NUMBER
Classification number 306.3/62/0HUN
100 ## - MAIN ENTRY--PERSONAL NAME
Personal name John, Hunwick.
245 #4 - TITLE STATEMENT
Title The African diaspora in the Mediterranean lands of Islam
260 ## - PUBLICATION, DISTRIBUTION, ETC.
Place of publication, distribution, etc. Princeton
Date of publication, distribution, etc. 2002
Holdings
Withdrawn status Lost status Damaged status Not for loan Home library Current library Date acquired Total checkouts Full call number Barcode Date last seen Price effective from Koha item type
        UONGOZI Institute Resources Centre - Dar es Salaam UONGOZI Institute Resources Centre - Dar es Salaam 01/17/2025   306.3/62/0HUN 003148 01/31/2025 01/17/2025 Book